[Event "Titled Tuesday intern op 28th Feb Late"]
[Site "Chess.com INT"]
[Date "2023.02.28"]
[Round "8"]
[White "Jaracz, Pawel"]
[Black "Ristic, Nebojsa M"]
[Result "1-0"]
[WhiteElo "2465"]
[BlackElo "2272"]
[PlyCount "65"]
[EventDate "2023.02.28"]
[EventType "swiss (blitz)"]
[EventRounds "11"]
[EventCountry "USA"]
[SourceTitle "CBM 213 Extra"]
[Source "ChessBase"]
[SourceDate "2023.05.31"]
[SourceVersion "1"]
[SourceVersionDate "2023.05.31"]
[SourceQuality "1"]

1. d4 Nf6 2. c4 g6 3. h4 h5 4. Nc3 c5 5. d5 d6 6. e4 b5 7. cxb5 a6 8. Nf3 Bg7 9. bxa6 Bxa6 10. Bxa6 Rxa6 11. 0-0 0-0 12. Qe2 Qb6 13. e5 Ng4 14. e6 Ne5 15. exf7+ Rxf7 16. Ng5 Rf5 17. Ne6 Bf6 18. Bg5 Nbd7 19. Kh1 Ra8 20. f4 Ng4 21. Rf3 Qb4 22. a3 Qa5 23. Rc1 Nb6 24. Nc7 Rf8 25. Qe6+ Kg7 26. Bxf6+ R5xf6 27. Qxe7+ R8f7 28. Ne8+ Kh6 29. Qe4 Rf5 30. Nxd6 Rxf4 31. Rxf4 Nf2+ 32. Rxf2 Rxf2 33. Qe3+ 1-0

[Event "Titled Tuesday intern op 28th Feb Late"]
[Site "Chess.com INT"]
[Date "2023.02.28"]
[Round "1"]
[White "Ristic, Nebojsa M"]
[Black "Andreikin, Dmitry"]
[Result "0-1"]
[WhiteElo "2272"]
[BlackElo "2729"]
[PlyCount "96"]
[EventDate "2023.02.28"]
[EventType "swiss (blitz)"]
[EventRounds "11"]
[EventCountry "USA"]
[SourceTitle "CBM 213 Extra"]
[Source "ChessBase"]
[SourceDate "2023.05.31"]
[SourceVersion "1"]
[SourceVersionDate "2023.05.31"]
[SourceQuality "1"]

1. d4 d5 2. Bf4 Nf6 3. e3 c5 4. Nf3 Nc6 5. Nbd2 Bg4 6. c3 a6 7. a4 e6 8. Qb3 Bd6 9. Bxd6 Qxd6 10. Qxb7 0-0 11. Qb3 cxd4 12. exd4 e5 13. dxe5 Rfe8 14. Be2 Rxe5 15. Nxe5 Qxe5 16. Nf3 Bxf3 17. gxf3 Re8 18. Qc2 d4 19. Kf1 Nd5 20. Qe4 dxc3 21. bxc3 Nxc3 22. Qxe5 Nxe5 23. Bxa6 Nxf3 24. Kg2 Nh4+ 25. Kh3 g5 26. Rhe1 Ra8 27. Bb5 Kg7 28. Rac1 Nd5 29. Rc4 Ng6 30. Kg2 Ndf4+ 31. Kf1 Nh4 32. Ra1 Nf3 33. Bc6 Nd2+ 34. Ke1 Rd8 35. Rc5 Nb3 36. Rxg5+ Kf6 37. Rb1 Nd3+ 38. Ke2 Ndc1+ 39. Kf3 Kxg5 40. a5 Nd2+ 41. Kg3 Ne2+ 42. Kg2 Nf4+ 43. Kg3 Rd3+ 44. f3 Nxb1 45. a6 Ra3 46. h4+ Kf5 47. Be4+ Ke5 48. Bxb1 f5 0-1

[Event "Titled Tuesday intern op 28th Feb Late"]
[Site "Chess.com INT"]
[Date "2023.02.28"]
[Round "7"]
[White "Ristic, Nebojsa M"]
[Black "Ward, Ieuan C"]
[Result "1-0"]
[WhiteElo "2272"]
[BlackElo "2028"]
[PlyCount "37"]
[EventDate "2023.02.28"]
[EventType "swiss (blitz)"]
[EventRounds "11"]
[EventCountry "USA"]
[SourceTitle "CBM 213 Extra"]
[Source "ChessBase"]
[SourceDate "2023.05.31"]
[SourceVersion "1"]
[SourceVersionDate "2023.05.31"]
[SourceQuality "1"]

1. d4 Nf6 2. Bf4 d5 3. e3 e6 4. Nf3 Bd6 5. Bg3 0-0 6. Nbd2 c5 7. c3 Nc6 8. Bd3 b6 9. Qe2 a5 10. Rd1 cxd4 11. exd4 Re8 12. Bxd6 Qxd6 13. Ne5 Bb7 14. 0-0 Nd7 15. Bxh7+ Kxh7 16. Qh5+ Kg8 17. Qxf7+ Kh7 18. Nxd7 Re7 19. Nf6+ 1-0

[Event "Titled Tuesday intern op 28th Feb Late"]
[Site "Chess.com INT"]
[Date "2023.02.28"]
[Round "4"]
[White "Van Foreest, Machteld"]
[Black "Ristic, Nebojsa M"]
[Result "0-1"]
[WhiteElo "2330"]
[BlackElo "2272"]
[PlyCount "76"]
[EventDate "2023.02.28"]
[EventType "swiss (blitz)"]
[EventRounds "11"]
[EventCountry "USA"]
[SourceTitle "CBM 213 Extra"]
[Source "ChessBase"]
[SourceDate "2023.05.31"]
[SourceVersion "1"]
[SourceVersionDate "2023.05.31"]
[SourceQuality "1"]

1. e4 Nc6 2. d4 d6 3. Nf3 Nf6 4. Nc3 g6 5. Bb5 a6 6. Ba4 b5 7. Bb3 Bg7 8. a3 0-0 9. 0-0 Na5 10. Ba2 Bb7 11. Re1 c5 12. Bg5 cxd4 13. Nxd4 Rc8 14. Qd2 Nc4 15. Bxc4 Rxc4 16. Rad1 Nxe4 17. Nxe4 Rxd4 18. Qf4 Rxd1 19. Rxd1 h6 20. Bh4 g5 21. Bxg5 hxg5 22. Nxg5 e5 23. Qf5 Be4 24. Nxe4 Re8 25. Nxd6 Re7 26. Qg4 Rd7 27. Qb4 Bf8 28. Qg4+ Bg7 29. Qb4 a5 30. Qc5 Bf8 31. Qxe5 Bxd6 32. Qf5 Bxh2+ 33. Kxh2 Qh4+ 34. Qh3 Qxh3+ 35. Kxh3 Rxd1 36. Kg3 Rd2 37. a4 Rxc2 38. axb5 Rxb2 0-1

[Event "Pozarevac Rudar 8th"]
[Site "Pozarevac"]
[Date "2022.12.27"]
[Round "9"]
[White "Todev, Simeon"]
[Black "Ristic, Nebojsa M"]
[Result "1/2-1/2"]
[WhiteElo "2159"]
[BlackElo "2335"]
[PlyCount "28"]
[EventDate "2022.12.20"]
[EventType "tourn"]
[EventRounds "9"]
[EventCountry "SRB"]
[SourceTitle "CBM 212 Extra"]
[Source "ChessBase"]
[SourceDate "2023.03.31"]
[SourceVersion "1"]
[SourceVersionDate "2023.03.31"]
[SourceQuality "1"]

1. e4 e5 2. Nf3 d6 3. d4 exd4 4. Nxd4 Nf6 5. Nc3 Be7 6. Be2 0-0 7. 0-0 Re8 8. Re1 Bf8 9. Bf3 c6 10. Bg5 Nbd7 11. Nb3 Qc7 12. Qd2 h6 13. Bh4 g5 14. Bg3 Ne5 1/2-1/2

[Event "Pozarevac Rudar 8th"]
[Site "Pozarevac"]
[Date "2022.12.25"]
[Round "7"]
[White "Ivanov, Mikhail M"]
[Black "Ristic, Nebojsa M"]
[Result "1/2-1/2"]
[WhiteElo "2334"]
[BlackElo "2335"]
[PlyCount "30"]
[EventDate "2022.12.20"]
[EventType "tourn"]
[EventRounds "9"]
[EventCountry "SRB"]
[SourceTitle "CBM 212 Extra"]
[Source "ChessBase"]
[SourceDate "2023.03.31"]
[SourceVersion "1"]
[SourceVersionDate "2023.03.31"]
[SourceQuality "1"]

1. d4 d5 2. c4 e6 3. cxd5 exd5 4. Nf3 Nf6 5. Bg5 Be7 6. e3 0-0 7. Nc3 c6 8. Bd3 Bg4 9. h3 Bh5 10. 0-0 Bg6 11. Bxg6 hxg6 12. Bxf6 Bxf6 13. b4 Re8 14. Rb1 a6 15. a4 Nd7 1/2-1/2

[Event "Pozarevac Rudar 7th"]
[Site "Pozarevac"]
[Date "2022.12.14"]
[Round "3"]
[White "Denishev, Marat"]
[Black "Ristic, Nebojsa M"]
[Result "1/2-1/2"]
[WhiteElo "2179"]
[BlackElo "2335"]
[PlyCount "111"]
[EventDate "2022.12.12"]
[EventType "tourn"]
[EventRounds "9"]
[EventCountry "SRB"]
[SourceTitle "CBM 211 Extra"]
[Source "ChessBase"]
[SourceDate "2023.01.31"]
[SourceVersion "1"]
[SourceVersionDate "2023.01.31"]
[SourceQuality "1"]

1. d4 d5 2. Nf3 Nf6 3. g3 g6 4. Bg2 Bg7 5. 0-0 0-0 6. c4 c6 7. b3 Ne4 8. Bb2 a5 9. Nc3 Bf5 10. Rc1 Nxc3 11. Bxc3 Be4 12. Bh3 Bxf3 13. exf3 e6 14. f4 Nd7 15. Bg2 Re8 16. h4 a4 17. h5 axb3 18. hxg6 hxg6 19. axb3 Qf6 20. Qe2 Qf5 21. Ra1 Nf6 22. Rfe1 Red8 23. Bf3 Rxa1 24. Rxa1 Ne4 25. Bb2 Nd6 26. Kg2 dxc4 27. bxc4 b5 28. c5 Nc4 29. Be4 Qf6 30. Bc3 Qe7 31. Rd1 Qc7 32. Qf3 f5 33. Bxc6 b4 34. Ba1 b3 35. Bb5 Na3 36. Ba4 Nc2 37. Bxb3 Nxa1 38. Bxe6+ Kf8 39. Rxa1 Bxd4 40. Rb1 Qe7 41. Ba2 Bxc5 42. Qb3 Kg7 43. Qc3+ Bd4 44. Qf3 Bf6 45. Bd5 Qd6 46. Bc6 Rc8 47. Rb6 Bd4 48. Ra6 Qc5 49. Bd7 Rc7 50. Be8 Bf6 51. Qb3 Qc4 52. Qb6 Qe4+ 53. Kh2 Qe7 54. Bc6 Qd6 55. Qb8 Qd8 56. Qxd8 1/2-1/2

[Event "Pozarevac Rudar 7th"]
[Site "Pozarevac"]
[Date "2022.12.13"]
[Round "2"]
[White "Ristic, Nebojsa M"]
[Black "Ibadov, Dashgyn"]
[Result "0-1"]
[WhiteElo "2335"]
[BlackElo "2308"]
[PlyCount "56"]
[EventDate "2022.12.12"]
[EventType "tourn"]
[EventRounds "9"]
[EventCountry "SRB"]
[SourceTitle "CBM 211 Extra"]
[Source "ChessBase"]
[SourceDate "2023.01.31"]
[SourceVersion "1"]
[SourceVersionDate "2023.01.31"]
[SourceQuality "1"]

1. d4 Nf6 2. c4 c5 3. d5 d6 4. Nc3 g6 5. e4 Bg7 6. f4 0-0 7. Nf3 e6 8. Be2 exd5 9. cxd5 b5 10. e5 dxe5 11. fxe5 Ng4 12. Bg5 Qb6 13. 0-0 c4+ 14. Kh1 Bb7 15. h3 Nf2+ 16. Rxf2 Qxf2 17. Nxb5 Nd7 18. Nd6 Nxe5 19. Be7 Rfb8 20. Ne4 Qe3 21. Nf6+ Bxf6 22. Bxf6 Nd3 23. Bxd3 cxd3 24. Qa4 Bxd5 25. Re1 Qf2 26. Bh4 Qc2 27. Qf4 Rxb2 28. Rg1 d2 0-1

[Event "Pozarevac Rudar 6th"]
[Site "Pozarevac"]
[Date "2022.12.11"]
[Round "9"]
[White "Czerw, Dawid"]
[Black "Ristic, Nebojsa M"]
[Result "1-0"]
[WhiteElo "2373"]
[BlackElo "2335"]
[PlyCount "53"]
[EventDate "2022.12.04"]
[EventType "tourn"]
[EventRounds "9"]
[EventCountry "SRB"]
[EventCategory "1"]
[SourceTitle "CBM 211 Extra"]
[Source "ChessBase"]
[SourceDate "2023.01.31"]
[SourceVersion "1"]
[SourceVersionDate "2023.01.31"]
[SourceQuality "1"]

1. e4 c6 2. d4 d5 3. Nc3 dxe4 4. Nxe4 Nf6 5. Nxf6+ exf6 6. c3 Bd6 7. Bd3 0-0 8. Qc2 Re8+ 9. Ne2 h6 10. 0-0 Qc7 11. f4 Nd7 12. Bd2 Nf8 13. h3 b6 14. c4 c5 15. d5 Ng6 16. Rf2 Nf8 17. Ng3 b5 18. b3 bxc4 19. bxc4 Rb8 20. Nh5 Ng6 21. Bxg6 fxg6 22. Qxg6 Kf8 23. Nxf6 gxf6 24. Qxf6+ Kg8 25. Qg6+ Kf8 26. f5 Be5 27. f6 1-0

[Event "Pozarevac Rudar 6th"]
[Site "Pozarevac"]
[Date "2022.12.05"]
[Round "2"]
[White "Ristic, Nebojsa M"]
[Black "Ibadov, Dashgyn"]
[Result "0-1"]
[WhiteElo "2335"]
[BlackElo "2308"]
[PlyCount "64"]
[EventDate "2022.12.04"]
[EventType "tourn"]
[EventRounds "9"]
[EventCountry "SRB"]
[EventCategory "1"]
[SourceTitle "CBM 211 Extra"]
[Source "ChessBase"]
[SourceDate "2023.01.31"]
[SourceVersion "1"]
[SourceVersionDate "2023.01.31"]
[SourceQuality "1"]

1. d4 Nf6 2. c4 c5 3. d5 d6 4. Nc3 g6 5. e4 Bg7 6. f4 0-0 7. Nf3 e6 8. Be2 exd5 9. cxd5 b5 10. e5 dxe5 11. fxe5 Ng4 12. Bg5 Qb6 13. 0-0 c4+ 14. Kh1 Bb7 15. h3 Nxe5 16. Nxe5 Bxe5 17. Be7 Re8 18. d6 Qe3 19. Rf3 Bxf3 20. Bxf3 Qf4 21. Qg1 Nd7 22. Rf1 Bd4 23. Bd5 Qe5 24. Qh2 Bxc3 25. Bxf7+ Kg7 26. bxc3 Qxh2+ 27. Kxh2 Rf8 28. Bd5 Rxf1 29. Bxa8 b4 30. Bc6 Ne5 31. Ba4 bxc3 32. Bg5 Kf7 0-1

[Event "Titled Tuesday intern op 15th Nov Early"]
[Site "Chess.com INT"]
[Date "2022.11.15"]
[Round "3"]
[White "Beerdsen, Thomas"]
[Black "Ristic, Nebojsa M"]
[Result "1-0"]
[WhiteElo "2520"]
[BlackElo "2335"]
[PlyCount "39"]
[EventDate "2022.11.15"]
[EventType "swiss (blitz)"]
[EventRounds "11"]
[EventCountry "USA"]
[SourceTitle "CBM 211 Extra"]
[Source "ChessBase"]
[SourceDate "2023.01.31"]
[SourceVersion "1"]
[SourceVersionDate "2023.01.31"]
[SourceQuality "1"]

1. e4 Nc6 2. Nc3 d6 3. d4 Nf6 4. Nf3 g6 5. h3 Bg7 6. Be3 0-0 7. Qd2 a6 8. Bh6 b5 9. a3 Bb7 10. Bd3 e5 11. d5 Na5 12. h4 c5 13. b4 cxb4 14. axb4 Nc4 15. Bxc4 bxc4 16. h5 Qd7 17. Bxg7 Kxg7 18. Qg5 Qg4 19. h6+ Kg8 20. Qxf6 1-0

[Event "Titled Tuesday intern op 15th Nov Early"]
[Site "Chess.com INT"]
[Date "2022.11.15"]
[Round "11"]
[White "Ristic, Nebojsa M"]
[Black "Devaev, Alexander"]
[Result "0-1"]
[WhiteElo "2335"]
[BlackElo "2325"]
[PlyCount "70"]
[EventDate "2022.11.15"]
[EventType "swiss (blitz)"]
[EventRounds "11"]
[EventCountry "USA"]
[SourceTitle "CBM 211 Extra"]
[Source "ChessBase"]
[SourceDate "2023.01.31"]
[SourceVersion "1"]
[SourceVersionDate "2023.01.31"]
[SourceQuality "1"]

1. d4 Nf6 2. Bf4 d5 3. e3 a6 4. c4 e6 5. Nc3 Bd6 6. Bg3 0-0 7. Nf3 c6 8. c5 Bxg3 9. hxg3 Nbd7 10. b4 Qe7 11. Ne5 Nxe5 12. dxe5 Nd7 13. Bd3 g6 14. f4 f6 15. Qg4 fxe5 16. Bxg6 hxg6 17. Qxg6+ Qg7 18. Qxe6+ Rf7 19. Kd2 exf4 20. Rh4 Nf8 21. Qe8 fxe3+ 22. Kc1 Rf1+ 23. Kb2 Rxa1 24. Qxe3 Rf1 25. Rh5 Rf5 26. g4 Rxh5 27. gxh5 Bd7 28. Ka3 d4 29. Qf4 Ne6 30. Qd6 dxc3 31. h6 Qxh6 32. Qxd7 Rd8 33. Qe7 c2 34. Ka4 c1Q 35. Qxe6+ Qxe6 0-1

[Event "Titled Tuesday intern op 15th Nov Early"]
[Site "Chess.com INT"]
[Date "2022.11.15"]
[Round "6"]
[White "Zeydan, Salih"]
[Black "Ristic, Nebojsa M"]
[Result "0-1"]
[WhiteElo "2060"]
[BlackElo "2335"]
[PlyCount "148"]
[EventDate "2022.11.15"]
[EventType "swiss (blitz)"]
[EventRounds "11"]
[EventCountry "USA"]
[SourceTitle "CBM 211 Extra"]
[Source "ChessBase"]
[SourceDate "2023.01.31"]
[SourceVersion "1"]
[SourceVersionDate "2023.01.31"]
[SourceQuality "1"]

1. e4 Nc6 2. Nf3 d6 3. Nc3 Nf6 4. h3 g6 5. d4 Bg7 6. Be2 0-0 7. 0-0 a6 8. a4 e5 9. Be3 exd4 10. Nxd4 Bd7 11. Qd2 Re8 12. f3 Nh5 13. Rfe1 Qh4 14. Bf2 Qf4 15. Qxf4 Nxf4 16. Nxc6 Nxe2+ 17. Rxe2 Bxc6 18. Rd1 Bxc3 19. bxc3 Bxa4 20. Rd4 Bc6 21. c4 b6 22. Bg3 f6 23. f4 Re6 24. e5 Rae8 25. Rd3 fxe5 26. fxe5 dxe5 27. Rde3 a5 28. Rxe5 Rxe5 29. Rxe5 Rc8 30. Re7 Ba4 31. Rxc7 Rd8 32. c5 bxc5 33. Rxc5 Rd1+ 34. Kh2 Rd2 35. c4 Be8 36. Rc8 Kf7 37. Rc7+ Ke6 38. c5 Rc2 39. Bd6 a4 40. Re7+ Kd5 41. Rxe8 a3 42. Ra8 a2 43. Bf8 h5 44. Kg1 h4 45. Be7 Rb2 46. Kh2 Kc6 47. Bxh4 Kxc5 48. Bf6 Rf2 49. Bd8 Kd5 50. Ra5+ Ke4 51. Ra4+ Kd3 52. Kg3 Rc2 53. Ra3+ Kc4 54. Bf6 Kd5 55. Ra6 Ke4 56. Kh2 Kf5 57. Bg7 g5 58. Rb6 Rc7 59. Bd4 Ke4 60. Bb2 Ra7 61. Ba1 Kf4 62. Rf6+ Ke4 63. Kg3 Rb7 64. Kg4 Rb1 65. Re6+ Kd5 66. Re5+ Kd6 67. Bd4 Rb4 68. Re4 Kd5 69. Re2 Rxd4+ 70. Kxg5 a1Q 71. Re8 Kc4 72. Rc8+ Kd3 73. Rd8 Qa5+ 74. Rd5 Qxd5+ 0-1

[Event "Speed Chess Q2"]
[Site "Chess.com INT"]
[Date "2022.11.12"]
[Round "10"]
[White "Matinian, Nikita"]
[Black "Ristic, Nebojsa M"]
[Result "0-1"]
[WhiteElo "2425"]
[BlackElo "2335"]
[PlyCount "62"]
[EventDate "2022.11.12"]
[EventType "swiss (blitz)"]
[EventRounds "14"]
[EventCountry "USA"]
[SourceTitle "CBM 211 Extra"]
[Source "ChessBase"]
[SourceDate "2023.01.31"]
[SourceVersion "1"]
[SourceVersionDate "2023.01.31"]
[SourceQuality "1"]

1. e4 Nc6 2. Nf3 d6 3. d4 Nf6 4. d5 Nb8 5. Nc3 c6 6. Bf4 g6 7. Qd2 Bg7 8. 0-0-0 0-0 9. Bh6 Nbd7 10. h4 Qa5 11. Kb1 Nc5 12. Bd3 Bg4 13. h5 Bxh5 14. Bxg7 Kxg7 15. g4 Nxg4 16. Rxh5 gxh5 17. Qg5+ Kh8 18. Qxh5 Nf6 19. Qh4 Nxd3 20. Rxd3 Rg8 21. Ng5 Rxg5 22. Qxg5 Rg8 23. Qc1 c5 24. a3 b5 25. Qe1 Qb6 26. e5 dxe5 27. Qxe5 c4 28. Rf3 b4 29. Na4 Qb7 30. Rxf6 Rg1+ 31. Ka2 b3+ 0-1

[Event "Speed Chess Q2"]
[Site "Chess.com INT"]
[Date "2022.11.12"]
[Round "2"]
[White "Mika, Tomasz1111"]
[Black "Ristic, Nebojsa M"]
[Result "0-1"]
[WhiteElo "2185"]
[BlackElo "2335"]
[PlyCount "142"]
[EventDate "2022.11.12"]
[EventType "swiss (blitz)"]
[EventRounds "14"]
[EventCountry "USA"]
[SourceTitle "CBM 211 Extra"]
[Source "ChessBase"]
[SourceDate "2023.01.31"]
[SourceVersion "1"]
[SourceVersionDate "2023.01.31"]
[SourceQuality "1"]

1. Nf3 Nf6 2. c4 b6 3. g3 Bb7 4. Bg2 g6 5. b3 Bg7 6. Bb2 0-0 7. d3 d6 8. 0-0 e5 9. e3 e4 10. dxe4 Nxe4 11. Bxg7 Kxg7 12. Nfd2 f5 13. Nxe4 fxe4 14. Nc3 Re8 15. Qd4+ Qf6 16. Rad1 Nd7 17. Nxe4 Qxd4 18. Rxd4 Bxe4 19. Bxe4 Rad8 20. Bc6 Re7 21. Bxd7 Rdxd7 22. Rfd1 Rf7 23. Kf1 a5 24. Ke2 Rde7 25. f4 h6 26. Kf3 Rf8 27. Re1 Rfe8 28. e4 Kf6 29. Rd2 h5 30. h3 Rh8 31. Rde2 Rhe8 32. g4 Kg7 33. e5 dxe5 34. Rxe5 Rxe5 35. Rxe5 Rd8 36. Re7+ Kf8 37. Rxc7 Rd3+ 38. Ke4 Rxh3 39. gxh5 gxh5 40. Rc6 Rh2 41. a4 h4 42. Rxb6 Rb2 43. Kd5 h3 44. f5 Kg7 45. Rb7+ Kh6 46. Rb8 Kh7 47. Rb7+ Kh6 48. Re7 Rxb3 49. Re2 Kg5 50. c5 Kxf5 51. Rc2 Rd3+ 52. Kc4 Rg3 53. Kb5 Rg2 54. Rc1 h2 55. Rh1 Rb2+ 56. Ka6 Ke5 57. Kxa5 Kd5 58. Ka6 Kc6 59. a5 Ra2 60. Rd1 Rg2 61. Rh1 Rg8 62. Ka7 Rg7+ 63. Ka6 Rg8 64. Ka7 Rg2 65. a6 Ra2 66. Rf1 Kb5 67. Rb1+ Kxc5 68. Kb7 Rb2+ 69. Rxb2 h1Q+ 70. Kb8 Qh8+ 71. Kb7 Qxb2+ 0-1

[Event "Speed Chess Q2"]
[Site "Chess.com INT"]
[Date "2022.11.12"]
[Round "7"]
[White "Ristic, Nebojsa M"]
[Black "Manukian, Artak"]
[Result "1-0"]
[WhiteElo "2335"]
[BlackElo "2196"]
[PlyCount "133"]
[EventDate "2022.11.12"]
[EventType "swiss (blitz)"]
[EventRounds "14"]
[EventCountry "USA"]
[SourceTitle "CBM 211 Extra"]
[Source "ChessBase"]
[SourceDate "2023.01.31"]
[SourceVersion "1"]
[SourceVersionDate "2023.01.31"]
[SourceQuality "1"]

1. d4 Nf6 2. Bf4 d5 3. Nc3 Bf5 4. e3 e6 5. Nb5 Na6 6. a4 c6 7. Na3 Nc7 8. Bd3 Bxd3 9. Qxd3 Bd6 10. Ne2 0-0 11. 0-0 Ne4 12. c4 f5 13. c5 Bxf4 14. Nxf4 g5 15. Ne2 g4 16. Kh1 Kh8 17. f3 gxf3 18. gxf3 Nf6 19. Nf4 Rg8 20. Rg1 Qe7 21. b4 e5 22. dxe5 Qxe5 23. Nc2 Ne6 24. Nxe6 Qxe6 25. Nd4 Qe5 26. Qxf5 Qxf5 27. Nxf5 Rae8 28. Nd6 Re7 29. b5 Ne8 30. Rxg8+ Kxg8 31. Rg1+ Kf8 32. Nxe8 Kxe8 33. Re1 cxb5 34. axb5 d4 35. e4 Re5 36. Rc1 d3 37. c6 bxc6 38. bxc6 Kd8 39. Kg2 Kc7 40. Kf2 Rh5 41. Kg3 a5 42. f4 a4 43. Rc3 Rb5 44. Kf2 Rb3 45. Rc4 Rb2+ 46. Ke3 d2 47. Ke2 a3 48. e5 a2 49. Ra4 Rb1 50. Kxd2 a1Q 51. Rxa1 Rxa1 52. Ke3 Kxc6 53. f5 Re1+ 54. Kf4 Kd5 55. e6 h6 56. h4 Re4+ 57. Kf3 Re1 58. Kg4 Kd6 59. Kh5 Rf1 60. Kg6 Ke7 61. h5 Rf2 62. Kxh6 Rxf5 63. Kg6 Rf6+ 64. Kg7 Rf1 65. h6 Rg1+ 66. Kh8 Rb1 67. Kg7 1-0

[Event "Titled Tuesday intern op 08th Nov Early"]
[Site "Chess.com INT"]
[Date "2022.11.08"]
[Round "4"]
[White "Bernat, David"]
[Black "Ristic, Nebojsa M"]
[Result "1-0"]
[WhiteElo "1862"]
[BlackElo "2335"]
[PlyCount "69"]
[EventDate "2022.11.08"]
[EventType "swiss (blitz)"]
[EventRounds "11"]
[EventCountry "USA"]
[SourceTitle "EXT 2024"]
[Source "ChessBase"]
[SourceDate "2023.10.10"]
[SourceVersion "1"]
[SourceVersionDate "2023.10.10"]
[SourceQuality "1"]

1. c4 Nf6 2. Nc3 g6 3. e4 d6 4. g3 Bg7 5. Bg2 0-0 6. Nge2 Nbd7 7. 0-0 e5 8. d3 a5 9. f4 c6 10. h3 Nc5 11. Be3 Nfd7 12. f5 Rb8 13. a3 Na6 14. g4 Bf6 15. Qd2 Bh4 16. Bh6 Re8 17. Kh2 Nac5 18. Ng1 Nb3 19. Qd1 Nxa1 20. Qxa1 Bg5 21. Bxg5 Qxg5 22. Nf3 Qf4+ 23. Kh1 Nc5 24. Qd1 gxf5 25. gxf5 Kh8 26. b4 axb4 27. axb4 Na6 28. b5 Nc5 29. d4 Nxe4 30. Nxe4 Qxe4 31. dxe5 dxe5 32. Ng5 Qd4 33. Qh5 Bxf5 34. Rxf5 Qd1+ 35. Qxd1 1-0

[Event "Titled Tuesday intern op 08th Nov Early"]
[Site "Chess.com INT"]
[Date "2022.11.08"]
[Round "3"]
[White "Dominguez Perez, Leinier"]
[Black "Ristic, Nebojsa M"]
[Result "1-0"]
[WhiteElo "2743"]
[BlackElo "2335"]
[PlyCount "79"]
[EventDate "2022.11.08"]
[EventType "swiss (blitz)"]
[EventRounds "11"]
[EventCountry "USA"]
[SourceTitle "EXT 2024"]
[Source "ChessBase"]
[SourceDate "2023.10.10"]
[SourceVersion "1"]
[SourceVersionDate "2023.10.10"]
[SourceQuality "1"]

1. e4 Nc6 2. Nf3 d6 3. d4 Nf6 4. Nc3 g6 5. h3 Bg7 6. Be3 0-0 7. Qd2 a6 8. Bh6 b5 9. Bd3 e5 10. Bxg7 Kxg7 11. d5 Na5 12. 0-0 c5 13. dxc6 Nxc6 14. Rad1 Bb7 15. Qe3 Ne7 16. Rd2 Qc7 17. Rfd1 Rad8 18. a3 Nh5 19. Bf1 h6 20. a4 b4 21. Na2 a5 22. c3 Qc6 23. cxb4 axb4 24. Bb5 Qxe4 25. Qxe4 Bxe4 26. Nxb4 Bxf3 27. gxf3 Nf4 28. Rxd6 Rxd6 29. Rxd6 Nxh3+ 30. Kf1 Rc8 31. Nc6 Nf5 32. Rd7 Kf6 33. a5 Nf4 34. Rd8 Rc7 35. a6 Nd4 36. a7 Nxb5 37. a8Q Nd4 38. Rd6+ Kg5 39. Qd8+ Re7 40. Qxe7+ 1-0

[Event "Titled Tuesday intern op 08th Nov Early"]
[Site "Chess.com INT"]
[Date "2022.11.08"]
[Round "8"]
[White "Ostrovskiy, Aleksandr A"]
[Black "Ristic, Nebojsa M"]
[Result "0-1"]
[WhiteElo "2371"]
[BlackElo "2335"]
[PlyCount "66"]
[EventDate "2022.11.08"]
[EventType "swiss (blitz)"]
[EventRounds "11"]
[EventCountry "USA"]
[SourceTitle "EXT 2024"]
[Source "ChessBase"]
[SourceDate "2023.10.10"]
[SourceVersion "1"]
[SourceVersionDate "2023.10.10"]
[SourceQuality "1"]

1. d4 Nf6 2. Bf4 d6 3. Nc3 Nc6 4. e4 g6 5. Qd2 Bg7 6. 0-0-0 a6 7. f3 h6 8. g4 b5 9. h4 Bb7 10. Nh3 e5 11. dxe5 dxe5 12. Be3 Qxd2+ 13. Rxd2 b4 14. Na4 Nd4 15. Nc5 Bc6 16. Bxd4 exd4 17. Rxd4 Nd7 18. Rc4 Bb5 19. Nxd7 Bxc4 20. Bxc4 Kxd7 21. Bxf7 Rhf8 22. Bxg6 Rxf3 23. Bf5+ Ke7 24. g5 Rd8 25. gxh6 Bxh6+ 26. Ng5 Rg3 27. b3 Rg2 28. Kb1 Rdd2 29. Rc1 Rdf2 30. Nh3 Bxc1 31. Nxf2 Ba3 32. Nh3 Kf6 33. c4 Rb2+ 0-1

[Event "Titled Tuesday intern op 08th Nov Early"]
[Site "Chess.com INT"]
[Date "2022.11.08"]
[Round "9"]
[White "Piesik, Piotr"]
[Black "Ristic, Nebojsa M"]
[Result "1-0"]
[WhiteElo "2416"]
[BlackElo "2335"]
[PlyCount "111"]
[EventDate "2022.11.08"]
[EventType "swiss (blitz)"]
[EventRounds "11"]
[EventCountry "USA"]
[SourceTitle "EXT 2024"]
[Source "ChessBase"]
[SourceDate "2023.10.10"]
[SourceVersion "1"]
[SourceVersionDate "2023.10.10"]
[SourceQuality "1"]

1. Nf3 Nf6 2. g3 b6 3. Bg2 Bb7 4. 0-0 g6 5. c4 Bg7 6. Nc3 0-0 7. d3 e6 8. e4 d6 9. Ne1 e5 10. f4 Nc6 11. Nc2 a5 12. f5 Nd4 13. Ne3 Nd7 14. Bh3 Nc5 15. Ncd5 f6 16. fxg6 hxg6 17. Nc2 Nxc2 18. Qxc2 c6 19. Ne3 Bc8 20. Bxc8 Qxc8 21. Bd2 Qh3 22. Rf3 Ne6 23. Qd1 Nd4 24. Rf2 Bh6 25. Ng2 f5 26. exf5 Rxf5 27. Bxh6 Rxf2 28. Kxf2 Qxh6 29. h4 Rf8+ 30. Kg1 Rf3 31. Kh2 Qh5 32. Qd2 Qg4 33. Qg5 Qxg5 34. hxg5 Rxd3 35. Nh4 Kg7 36. Rf1 Rd2+ 37. Kh3 e4 38. Rf6 Nf5 39. Rxg6+ Kh7 40. Re6 Nxh4 41. gxh4 d5 42. cxd5 cxd5 43. h5 Rxb2 44. Re7+ Kg8 45. h6 Rb1 46. Kg4 Rg1+ 47. Kf5 Kf8 48. Rb7 e3 49. h7 Rh1 50. Kf6 Rf1+ 51. Kg6 Rh1 52. Kf6 Rf1+ 53. Ke6 Rh1 54. g6 e2 55. g7+ Ke8 56. Rb8# 1-0